000 00594nam a2200241Ia 4500
003 OSt
005 20220918231442.0
006 a|||||r|||| 00| 0
007 ta
008 220917b |||||||| |||| 00| 0 eng d
024 _a285,719
037 _cTextual
040 _aARTS
_cARTS
_beng
041 _2eng
_aeng
082 _aE1:5, K8
100 _aBahl B. S.
_924546
245 0 _aText book of organis chemistry
260 _c1968
650 _aCHEMISTRY
_96590
700 _a Bahl A
_9154712
942 _hE1:5, K8
_cTEXL
_2CC
999 _c291250
_d291250